Capitales d'Amérique du nord - Quiz - Statistiques

Statistiques générales
  • Ce quiz a été pris 44 fois
  • Le résultat moyen est 15 sur 23
Statistiques - réponses
Hint Réponse % Correct
Mexique Mexico
97%
Panama Panama
95%
États-Unis Washington
95%
Canada Ottawa
92%
Cuba La Havane
89%
Guatemala Guatemala
86%
Jamaïque Kingston
81%
Haïti Port-au-Prince
76%
Honduras Tegucigalpa
70%
Dominique Roseau
68%
Costa Rica San José
68%
Salvador San Salvador
68%
Belize Belmopan
65%
Nicaragua Managua
65%
Bahamas Nassau
65%
Barbade Bridgetown
57%
Sainte-Lucie Castries
54%
Grenade Saint-Georges
54%
Saint-Christophe-et-Niévès Basseterre
49%
Trinité-et-Tobago Port-d'Espagne
46%
Saint-Vincent-et-les-Grenadines Kingstown
43%
République Dominicaine Santo Domingo
22%
Antigua-et-Barbuda Saint-Jean
8%
Aucun quiz correspondant
Distribution des résultats
% des personnes avec chaque résultat
Percentile par nombre de réponses
Votre historique - résultats
Vous n’avez pas pris ce quiz